Ubuntu : (Record no. 125614)
[ view plain ]
| 000 -LEADER | |
|---|---|
| fixed length control field | 02358cam a2200409Ii 4500 |
| 001 - CONTROL NUMBER | |
| control field | 10937317 |
| 003 - CONTROL NUMBER IDENTIFIER | |
| control field | ARRUPE |
| 005 - DATE AND TIME OF LATEST TRANSACTION | |
| control field | 20161103123827.0 |
| 008 - FIXED-LENGTH DATA ELEMENTS--GENERAL INFORMATION | |
| fixed length control field | 140625s2014 sa b 001 0 eng c |
| 020 ## - INTERNATIONAL STANDARD BOOK NUMBER | |
| International Standard Book Number | 9781869142650 |
| 020 ## - INTERNATIONAL STANDARD BOOK NUMBER | |
| International Standard Book Number | 1869142659 |
| 035 ## - SYSTEM CONTROL NUMBER | |
| System control number | (OCoLC)ocn881707322 |
| 035 ## - SYSTEM CONTROL NUMBER | |
| System control number | (OCoLC)881707322 |
| Canceled/invalid control number | (OCoLC)881140908 |
| 035 ## - SYSTEM CONTROL NUMBER | |
| System control number | (NNC)10937317 |
| 040 ## - CATALOGING SOURCE | |
| Original cataloging agency | OI@ |
| Description conventions | rda |
| Transcribing agency | OI@ |
| Modifying agency | OI@ |
| -- | YDXCP |
| -- | BTCTA |
| -- | EMU |
| 043 ## - GEOGRAPHIC AREA CODE | |
| Geographic area code | f------ |
| 050 #4 - LIBRARY OF CONGRESS CALL NUMBER | |
| Classification number | B5315.U28 |
| Item number | U28 2014 |
| 082 04 - DEWEY DECIMAL CLASSIFICATION NUMBER | |
| Classification number | 199/.6 |
| Edition number | 23 |
| 300 ## - PHYSICAL DESCRIPTION | |
| Dimensions | 23 cm. |
| 245 00 - TITLE STATEMENT | |
| Title | Ubuntu : |
| Remainder of title | curating the archive / |
| Statement of responsibility, etc | edited by Leonhard Praeg and Siphokazi Magadla. |
| 260 ## - PUBLICATION, DISTRIBUTION, ETC. (IMPRINT) | |
| Place of publication, distribution, etc | South Africa |
| Name of publisher, distributor, etc | University of KwaZulu-Natal Press |
| Date of publication, distribution, etc | 2014 |
| 300 ## - PHYSICAL DESCRIPTION | |
| Extent | xiii, 231 pages ; |
| 490 1# - SERIES STATEMENT | |
| Series statement | Thinking Africa |
| 504 ## - BIBLIOGRAPHY, ETC. NOTE | |
| Bibliography, etc | Includes bibliographical references and index. |
| 505 0# - FORMATTED CONTENTS NOTE | |
| Formatted contents note | Introduction / Leonhard Praeg and Siphokazi Magadla -- Justice otherwise: thoughts on Ubuntu / Lewis R. Gordon -- The historical discourse on African humanism: interrogating the paradoxes / Ama Biney -- Ubuntu verses the core values of the South African constitution / Ilze Keevy -- From ubuntu to Ubuntu: four historic a prioris / Leonhard Praeg -- Ubuntu: affirming a right and seeking remedies in South Africa / Mogobe B. Ramose -- Utu, usawa, uhuru: building blocks of Nyerere's political philosophy / Issa G. Shivji -- Ubuntu and the law: some lessons for the practical application of Ubuntu / Katherine Furman -- Ubuntu and subaltern legality / Drucilla Cornell / The self become God: Ubuntu and the 'scandal of manhood' / Siphokazi Magadla and Ezra Chitando / Concluding reflections: the 'fierce urgency of now' / Danielle Alyssa Bowler. |
| 520 ## - SUMMARY, ETC. | |
| Summary, etc | "This collection of essays contextualises the discourse on Ubuntu within the wider historical framework of postcolonial attempts to re-articulate African humanism as a substantial philosophy and emancipatory ideology." -- Back cover. |
| 650 #0 - SUBJECT ADDED ENTRY--TOPICAL TERM | |
| Topical term or geographic name as entry element | Humanism |
| Geographic subdivision | Africa. |
| 9 (RLIN) | 27101 |
| 650 #0 - SUBJECT ADDED ENTRY--TOPICAL TERM | |
| Topical term or geographic name as entry element | Social values |
| Geographic subdivision | Africa |
| General subdivision | Philosophy. |
| 9 (RLIN) | 27102 |
| 650 #0 - SUBJECT ADDED ENTRY--TOPICAL TERM | |
| Topical term or geographic name as entry element | Philosophy, African. |
| 9 (RLIN) | 27103 |
| 650 #0 - SUBJECT ADDED ENTRY--TOPICAL TERM | |
| Topical term or geographic name as entry element | Ethics |
| Geographic subdivision | Africa. |
| 9 (RLIN) | 9259 |
| 700 1# - ADDED ENTRY--PERSONAL NAME | |
| Personal name | Praeg, Leonhard. |
| 9 (RLIN) | 13518 |
| Relator term | ed. |
| 700 1# - ADDED ENTRY--PERSONAL NAME | |
| Personal name | Magadla, Siphokazi. |
| 9 (RLIN) | 27104 |
| Relator term | ed. |
| 830 #0 - SERIES ADDED ENTRY--UNIFORM TITLE | |
| Uniform title | Thinking Africa. |
| 9 (RLIN) | 27105 |
| 942 ## - ADDED ENTRY ELEMENTS (KOHA) | |
| Source of classification or shelving scheme | Library of Congress Classification |
| Koha item type | Monograph ( Printed materials) |
| 948 1# - LOCAL PROCESSING INFORMATION (OCLC); SERIES PART DESIGNATOR (RLIN) | |
| Series part designator, SPT (RLIN) | 20140911 |
| b (OCLC) | c |
| c (OCLC) | me2540 |
| d (OCLC) | MPS |
| 948 1# - LOCAL PROCESSING INFORMATION (OCLC); SERIES PART DESIGNATOR (RLIN) | |
| Series part designator, SPT (RLIN) | 20140919 |
| b (OCLC) | c |
| c (OCLC) | me2540 |
| d (OCLC) | MPS |
| Withdrawn status | Lost status | Source of classification or shelving scheme | Damaged status | Not for loan | Collection code | Home library | Current library | Shelving location | Date acquired | Total Checkouts | Full call number | Barcode | Date last seen | Date checked out | Price effective from | Koha item type |
|---|---|---|---|---|---|---|---|---|---|---|---|---|---|---|---|---|
| Library of Congress Classification | Main Collection | ARRUPE LIBRARY | ARRUPE LIBRARY | Main Collection | 28/10/2016 | 24 | B5315.U28 U38 2014 | 46500010008 | 22/05/2025 | 28/04/2025 | 28/10/2016 | Monograph ( Printed materials) |